000 00543nam a2200217Ia 4500
003 OSt
005 20221007082541.0
006 a|||||r|||| 00| 0
007 ta
008 221006b |||||||| |||| 00| 0 eng d
024 _a21,047
037 _cTextual
040 _aFLL
_cFLL
_beng
041 _2eng
_aeng
082 _aXM55:5:Z2, M1
100 _aSangal P.S.
_9257567
245 0 _aNational & multinational companies
260 _c1981
942 _hXM55:5:Z2, M1
_cTEXL
_2CC
999 _c1166819
_d1166819